header

Backstory 5 (Record no. 58317)

MARC details
000 -LEADER
fixed length control field 01473nam a2200349Ia 4500
082 04 - DEWEY DECIMAL CLASSIFICATION NUMBER
Classification number 812/.5409
245 00 - TITLE STATEMENT
Title Backstory 5
260 ## - PUBLICATION, DISTRIBUTION, ETC. (IMPRINT)
Place of publication Berkeley :
Name of publisher University of California Press,
Year of publication c2010.
300 ## - PHYSICAL DESCRIPTION
Number of Pages ix, 252 p.
650 #0 - SUBJECT ADDED ENTRY--TOPICAL TERM
Topical Term Screenwriters
Topical Term Motion picture authorship
700 1# - ADDED ENTRY--PERSONAL NAME
Personal name McGilligan, Patrick.
856 40 - ELECTRONIC LOCATION AND ACCESS
Uniform Resource Identifier http://site.ebrary.com/lib/rucke/Doc?id=10675808

No items available.

© 2026 Rongo University
Contact us: librarian | system librarian | Rongo university